| 000 | 00592nam a2200193 a 4500 | ||
|---|---|---|---|
| 005 | 20220929064300.0 | ||
| 008 | 991125s1978 es 000 0 spa u | ||
| 020 | _a8425207029 | ||
| 035 | _aUPN01000029200 | ||
| 049 | _aCG | ||
| 050 | 4 |
_aPN1995.9 S6 _bA2.58 |
|
| 100 | 1 |
_aAbruzzese, Alberto, _d1942- _930084 |
|
| 245 | 1 | 3 |
_aLa imagen fílmica / _cAlberto Abruzzese ; tr. de Carlos Gómez González. |
| 260 |
_aBarcelona, Esp. : _bG. Gili, _c1978. |
||
| 300 |
_a277 p. : _bfotos |
||
| 440 | 0 | _aComunicación visual | |
| 650 | 7 |
_aCinematografía _xAspectos sociales _2 _910198 |
|
| 905 | _aLibro | ||
| 999 |
_c29200 _d29200 |
||